MicrosoftOffice 365 & Access2016 : (Record no. 36820)

MARC details
000 -LEADER
fixed length control field 00499nam a22001697a 4500
005 - DATE AND TIME OF LATEST TRANSACTION
control field 20250115153816.0
008 - FIXED-LENGTH DATA ELEMENTS--GENERAL INFORMATION
fixed length control field 250115b |||||||| |||| 00| 0 eng d
020 ## - INTERNATIONAL STANDARD BOOK NUMBER
ISBN 9781305870635
082 ## - DEWEY DECIMAL CLASSIFICATION NUMBER
Classification number 005.756
Item number PRA-M
100 ## - MAIN ENTRY--AUTHOR
Author Name Pratt, Philip J
245 ## - TITLE STATEMENT
Title MicrosoftOffice 365 & Access2016 :
Remainder of title Shelly Cashman Series /
Statement of responsibility, etc. Mary Z.Last
260 ## - PUBLICATION, DISTRIBUTION, ETC.
Place of Publication USA:
Name of publisher, distributor, etc. Cengage Learning;
Date of publication, distribution, etc. 2017.
300 ## - PHYSICAL DESCRIPTION
Pages xiv, 603 p. :
500 ## - GENERAL NOTE
General note include index.
650 ## - SUBJECT ADDED ENTRY--TOPICAL TERM
Subject / Department Microsoft Office
300 ## - PHYSICAL DESCRIPTION
-- ill;
-- 27 cm.-
952 ## - LOCATION AND ITEM INFORMATION (KOHA)
-- 0
-- 0
952 ## - LOCATION AND ITEM INFORMATION (KOHA)
-- 0
-- 0
Holdings
Lost status Damaged status Collection code Permanent Location Current Location Shelving Location Date acquired Full Call Number Accession No./Barcode Date last seen Copy number item type Koha item type
    CS/IT Superior Information Resource Center (SIRC) Superior University- Gold Campus Superior Information Resource Center (SIRC) Superior University- Gold Campus Microsoft Office 01/15/2025 005.756 PRA-M 2017 18378 01/15/2025 1 BOOK BOOK
    CS/IT Superior Information Resource Center (SIRC) Superior University- Gold Campus Superior Information Resource Center (SIRC) Superior University- Gold Campus Microsoft Office 01/15/2025 005.756 PRA-M 2017 18379 01/15/2025 2 BOOK BOOK

Powered by Koha